The coounity of Asia concept or reality

Saved in:
Bibliographic Details
Main Author: Urvashi Butalia
Format: Book
Published: 2006
Tags: Add Tag
No Tags, Be the first to tag this record!
Call Number :

MARC

LEADER 00000pam a2200000 4500
001 24730
003 MY-KLNDU
005 20241218081558.0
020 0 0 |a 9789712717826 
035 |a 0000034328 
039 9 |a 201208291028  |b azraai  |c 200911181152  |d VLOAD  |y 200910091740  |z VLOAD 
100 0 0 |a Urvashi Butalia 
245 0 4 |a The coounity of Asia  |b concept or reality 
260 0 0 |a 2006 
591 |a 0000005020  |b 07/11/08  |c 0200-07  |d 2  |e RM143.76  |f 1  |g 143.76  |h INTRABAKTI SD.BHD. 
999 |a vtls000034608  |c 24730  |d 24730